| Tag |
First Indicator |
Second Indicator |
Subfields |
| LEADER |
00000cam a2200000 a 4500 |
| 001 |
in00000079997 |
| 005 |
20151008055258.0 |
| 008 |
800925s1980 enk 00011 eng d |
| 020 |
|
|
|a 0340254084 :
|c 6.50
|
| 035 |
|
|
|a (OCoLC)06753613
|
| 035 |
|
|
|9 AAJ3031AM
|
| 040 |
|
|
|a IAI
|c IAI
|d m.c.
|d TXA
|d UtOrBLW
|
| 049 |
|
|
|a TXAM
|c [1804419]
|
| 090 |
|
|
|a PR6015.U478
|b A85
|
| 100 |
1 |
|
|a Humphreys, Emyr.
|
| 245 |
1 |
4 |
|a The anchor tree /
|c Emyr Humphreys.
|
| 264 |
|
1 |
|a London :
|b Hodder and Stoughton,
|c [1980]
|
| 264 |
|
4 |
|c ©1980
|
| 300 |
|
|
|a 224 pages ;
|c 23 cm.
|
| 336 |
|
|
|a text
|b txt
|2 rdacontent
|
| 337 |
|
|
|a unmediated
|b n
|2 rdamedia
|
| 338 |
|
|
|a volume
|b nc
|2 rdacarrier
|
| 999 |
|
|
|a MARS
|
| 999 |
f |
f |
|s 435149ce-a6cb-31b5-9797-c7fd8c32dc78
|i 3c6ad67a-3b60-348f-bd21-bbb450a7dee0
|t 0
|
| 952 |
f |
f |
|p ric
|a Texas A&M University
|b Rellis Campus
|c Joint Library Facility
|d Remote Storage
|t 0
|e PR6015.U478 A85
|h Library of Congress classification
|i unmediated -- volume
|m A14806186550
|
| 998 |
f |
f |
|a PR6015.U478 A85
|t 0
|l Remote Storage
|